| 000 | 01142naa a22003137a 4500 | ||
|---|---|---|---|
| 001 | BR8405356 | ||
| 003 | BR-BrBNA | ||
| 005 | 20250721154451.0 | ||
| 007 | ta | ||
| 008 | 250630b bl.|||m| |||| 00| 0 por d | ||
| 040 |
_aBR-BrBNA _bpor _cBiblioteca Nacional de Agricultura |
||
| 041 | _a(Pt) | ||
| 072 |
_aF08; F04 _b0120 _b0336 _b3820 |
||
| 090 | _aF08 BR8405356 | ||
| 100 | 1 | _aPacheco, C.A.P. | |
| 100 | 1 | _aLazarotto, N.J. | |
| 245 | 1 | _aAvaliacao da necessidade de nitrogenio pelo milho em rotacao com a soja - 1982/83 [Zea mays, Glycine max] | |
| 500 | _aResultados de pesquisa com a cultura do milho em 1983 Dourados, MS (Brasil): 1984. p. 28-32 (BR8405356-AMS) | ||
| 773 | 0 |
_tResultados de pesquisa com a cultura do milho em 1983 _wF08 BR8405356 _gDourados, MS (Brasil), 1984. p. 28-32 |
|
| 650 | _aMILHO | ||
| 650 | _aSOJA | ||
| 650 | _aROTACAO DE CULTURA | ||
| 650 | _aADUBACAO | ||
| 650 | _aFERTILIZANTE NITROGENADO | ||
| 650 | _aRENDIMENTO | ||
| 490 |
_aDocumentos - Unidade de Execucao de Pesquisa de Ambito Estadual de Dourados (Brazil) _vno. 11 |
||
| 942 |
_cAMS _2AGRIS |
||
| 909 |
_a202506 _bLúcia _c55 _dLúcia Elande |
||
| 999 |
_c334967 _d334967 |
||